000 00621nam a2200229Ia 4500
999 _c47006
_d47006
001 13861
003 GE_BSU
005 20221124152602.0
008 181216s2002||||enk|||||||||||||| ||eng||
020 _a9780521635431x
040 _cGE_BSU
041 _aeng
080 _a811.124(076) C-39
245 _aCambridge latin course :
_bbook 1 /
250 _aFourth edition.
264 _aCambridge:
_bUniversity Press,
_c2002.
300 _a199 p ;
_b26 cm.
300 _bill.
653 _aCambridge latin course
653 _aკემბრიჯის ლათინური კურსი
942 _cBK
_2udc